000 00495nam a2200217Ia 4500
008 210210b2011 xxu||||| |||| 00| 0 eng d
020 _a8121904609
041 _aeng
082 _a581.028 PANM
100 _aPANDEY (B P)
245 _aModern practical botany V I
260 _aNew Delhi
_bS. Chand & Co. Ltd.
_c2011
300 _a512
650 _aV
650 _apractical
650 _aModern
650 _aI
650 _abotany
690 _aPractical Botany
906 _a067001
999 _c149402
_d149402